000 00512nam a22001577a 4500
003 NUST
038 _aNusrat Nadeem
082 _a200
100 _aAli, Bisma
_9133132
245 _aRenewable Energy Generation Forecasting Using Machine Learning and Weather Data/
_cBisma Ali,
264 _aIslamabad:
_bSEECS NUST.
_c2026.
650 _aMS-Computer Science
_926780
700 _aSupervisor: Dr. Hashir Moheed Kiani
_997357
856 _uhttp://10.250.8.41:8080/xmlui/handle/123456789/57292
942 _2ddc
_cSC
999 _c616139
_d616139